Statistics for The Thomas Jefferson Presidency

Click here to take the quiz!

General Stats

  • This quiz has been taken 4,715 times
    (4,680 since last reset)
  • The average score is 16 of 27

Answer Stats

Hint Answer % Correct
This doubled the size of the USA{Louisiana} Purchase
95%
Document he authored in 1776{Declaration}
{of} {Independence}
95%
Home stateVirginia
91%
His political partyDemocratic-Republican
89%
The Corps of Discovery was
led by these two explorers
William Clark
84%
The Corps of Discovery was
led by these two explorers
Meriwether Lewis
84%
quotethat all men are {created} {equal};
81%
quotethat among these are life, liberty, and
the {pursuit} {of} {happiness}.
78%
quoteWe hold these truths to be {self}-{evident};
75%
quotethat they are endowed by their Creator
with certain {unalienable} rights;
73%
Political position, 1785-1789US Minister to {France}
71%
Date of his death{July} {4}, 1826
65%
Political position, 1797-1801Vice President
64%
Political position, 1790-1793Secretary of State
64%
His Secretary of StateJames Madison
63%
Rival political partyFederalist
62%
Name of his family plantationMonticello
61%
Political position, 1775-1776Delegate to the Second
{Continental} {Congress}
54%
His first Vice PresidentAaron Burr
49%
An 1807 act prohibited the
importation of ...
Slaves
44%
quoteQuestion with boldness even
the existence of a {god}
40%
His alma materWilliam and Mary
35%
Slave who was likely his mistressSally Hemmings
31%
quoteThe tree of liberty must be refreshed from
time to time with the blood of {patriots} and tyrants
24%
Political position, 1779-1781Governor of Virginia
21%
America's first foreign warFirst {Barbary} War
20%
Shawnee Indian
who opposed assimilation
Tecumseh
14%

Score Distribution

Percentile by Number Answered

Percent of People with Each Score

Your Score History

You have not taken this quiz since the last reset